000 00510nam a22001932 4500
001 0000002843
005 20151217151906.0
008 070420s xx 000 0 eng d
020 _a0425172546 :
_cKES 110
040 _aKABU
_cKABU
050 0 _aPS3553
_b.O692S68
100 1 _aCornwell, Patricia Daniels.
_@0000084122
245 1 0 _aSouthern cross.
260 _aNew York :
_bBerkley Books,
_c1998.
300 _a382 p.
908 _a070420
950 _@1
999 _c6047
_d6047